01015nam a2200253 a 4500008004100000020001500041050001800056100002000074245004500094246003700139260004800176300002300224350000900247500001700256650002300273650003400296650002100330650004200351856006500393856005700458995009600515999001700611952013300628120416s2002 ||||||||||||||||| || u a052177439X aTP 248.23 Bau aGaskell, George10aBiotechnologycedited by Martin W. Bauer athe making of global controversy aCambridgebCambridge University Pressc2002 axvii, 411p. : ill. a0.00 aBibliography aMASS MEDIA--EUROPE aBIOTECHNOLOGY--SOCIAL ASPECTS 7aTECHNOLOGY2fast aBIOTECHNOLOGY--EUROPE--PUBLIC OPINION uhttp://www.loc.gov/catdir/description/cam022/2001052636.html uhttp://www.loc.gov/catdir/toc/cam021/2001052636.html D0.00FCBU-MAIN LIBRARY (Kitwe)H1I17.95M1UAVAILABLEZMain Library Open Access Collection c35940d35940 00102lcc4070a001b001cMain Library Open Access Collectiond2022-11-30l0oTP 248.23 Baup48066r2022-11-30w2022-11-30y002